000 01976nam a2200349 4500
001 B-264969-974
005 20080724123840.0
008 690527s1969 nyua j 000 1 eng
010 _aB-264969-974
020 _a0448089319
_c135.00
035 _aB-264969-974
037 _a4439/8.5.08
_bBlue Berry
040 _aDPL
082 _aS
100 _aDixon, Franklin W.
245 _aThe secret of Wildcat Swamp /
_cby Franklin W. Dixon.
260 _aNew York,
_bGrosset & Dunlap
_c2004
300 _a178 p.
_bill.
_c20 cm (Hb)
490 _aThe Hardy boys mystery stories 31
520 _aAn archaeological expedition in the West turns into a desperate attempt to capture robbers and an escaped convict.
650 _aMystery and detective stories.
942 _2ddc
_cCH
_hS
_mDIX
999 _c14583
_d14583